|
|
|
|
| LEADER |
00000cam a2200000 a 4500 |
| 001 |
vtls001294148 |
| 003 |
SK-MaSNL |
| 005 |
20260301113615.0 |
| 008 |
231120s1997 xo a fr 10000 slo |
| 015 |
|
|
|a SNBA1997/1103267
|
| 020 |
|
|
|a 8088688167
|
| 035 |
|
|
|a SNK000245935
|
| 035 |
|
|
|a urn:nbn:sk:snk-amjquo
|
| 035 |
|
|
|a urn:nbn:sk:snk:ar-a0cng4
|
| 035 |
|
|
|a 05f807df-fe62-4bcd-bf38-ee901cb7ade7
|
| 040 |
|
|
|a SNK
|b slo
|c SNK
|e AACR2
|
| 041 |
0 |
|
|a slo
|
| 044 |
|
|
|a xo
|c SK
|
| 080 |
|
|
|a 37.03:504(082)\
|2 1981
|
| 080 |
|
|
|a 504(082)\
|2 1981
|
| 245 |
0 |
0 |
|a Environmentalizácia obsahu výchovy a vzdelávania z aspektu prírodných vied na školách v SR
|b celoslovenský odborný seminár, Manínska tiesňava, 25.-26.11.1996 : zborník
|c [zostavovatelia: Lucian Seko, Ján Hudec, Oto Makýš]
|
| 260 |
|
|
|a Bratislava
|b Strom života
|c c1997
|
| 300 |
|
|
|a 107 s.
|b sch.
|c 21 cm
|
| 500 |
|
|
|a Údaj o zost. prevzatý z front.
|
| 504 |
|
|
|a Bibliogr. odkazy
|
| 650 |
0 |
7 |
|a výchova environmentálna
|x zborníky
|2 SNK
|9 441083
|
| 655 |
|
7 |
|a zborníky konferencií
|2 SNKPH
|9 70153
|
| 655 |
|
7 |
|a issue_zb
|2 SNK
|9 276493
|
| 700 |
1 |
|
|a Seko, Lucian,
|d 1935-
|4 com
|9 39160
|
| 700 |
1 |
|
|a Hudec, Ján
|c (RNDr.)
|4 com
|9 240724
|
| 700 |
1 |
|
|a Makýš, Oto,
|d 1962-
|4 com
|9 199942
|
| 919 |
|
|
|a 80-88688-16-7
|
| 954 |
|
|
|a odborná, vedecká literatúra pôvodná (slovenská)
|2 lita
|
| 958 |
|
|
|a OND
|
| 958 |
|
|
|a ART
|
| 958 |
|
|
|a TL
|
| 958 |
|
|
|a NB
|
| 958 |
|
|
|a EUIPO
|
| 999 |
|
|
|c 714901
|d 716831
|
| 952 |
|
|
|t P60, <09>, [BOOK], {629}
|a SNK
|b SNK
|y NEVYP
|7 0
|o snkC 1819
|i snk3546/970723
|0 0
|1 0
|4 0
|d 1997-07-15
|l 0
|r 2005-01-02 00:00:00
|w 2026-02-23
|
| 952 |
|
|
|t P60, <03>, [BOOK], {603}
|a SNK
|b SNK
|y PREZ
|7 0
|p 17A0078118
|o snkSC 93657
|i snkKSP 7496/97
|0 0
|1 0
|4 0
|d 1997-07-15
|l 0
|r 2025-09-11 00:00:00
|w 2026-02-23
|
| 952 |
|
|
|t P60, <04>, [BOOK], {604}
|a SNK
|b SNK
|y VYP
|7 0
|p 17A0077812
|o snkSC 93657 D1
|i snkKSP 7716/97
|0 0
|1 0
|4 0
|d 1997-07-18
|l 0
|r 2005-01-02 00:00:00
|w 2026-02-23
|